[Event "Blitz 2018"]
[Site "Saint-Petersburg"]
[Date "2018.12.29"]
[Round "9"]
[Board "98"]
[White "Perdomo Carlos Andres (COL)"]
[Black "Minko Vladimir (RUS)"]
[Result "0-1"]
[BlackElo "2403"]
[WhiteElo "2301"]
[LiveChessVersion "1.4.8"]

1. c4 {[%clk 0:03:03]} c5 {[%clk 0:03:02]} 2. Nc3 {[%clk 0:03:03]} Nc6
{[%clk 0:03:03]} 3. g3 {[%clk 0:03:03]} e5 {[%clk 0:03:04]} 4. Bg2
{[%clk 0:03:04]} Nge7 {[%clk 0:03:04]} 5. e3 {[%clk 0:03:02]} g6 {[%clk 0:03:02]}
6. Ne4 {[%clk 0:02:58]} Ng8 {[%clk 0:02:46]} 7. Ne2 {[%clk 0:02:35]} f5
{[%clk 0:02:36]} 8. N4c3 {[%clk 0:02:35]} Bg7 {[%clk 0:02:35]} 9. O-O
{[%clk 0:02:21]} Nge7 {[%clk 0:02:34]} 10. d3 {[%clk 0:02:06]} d6
{[%clk 0:02:31]} 11. a3 {[%clk 0:02:07]} a5 {[%clk 0:02:31]} 12. Rb1
{[%clk 0:02:00]} O-O {[%clk 0:02:27]} 13. Nd5 {[%clk 0:01:54]} Nxd5
{[%clk 0:02:21]} 14. cxd5 {[%clk 0:01:48]} Ne7 {[%clk 0:02:21]} 15. b4
{[%clk 0:01:47]} axb4 {[%clk 0:02:19]} 16. axb4 {[%clk 0:01:48]} b6
{[%clk 0:02:19]} 17. Qb3 {[%clk 0:01:31]} Ba6 {[%clk 0:02:15]} 18. Rd1
{[%clk 0:01:13]} Qd7 {[%clk 0:02:06]} 19. b5 {[%clk 0:01:04]} Bb7
{[%clk 0:02:07]} 20. Bd2 {[%clk 0:00:57]} h6 {[%clk 0:02:04]} 21. Ra1
{[%clk 0:00:53]} Qe8 {[%clk 0:01:59]} 22. e4 {[%clk 0:00:52]} Qf7
{[%clk 0:01:56]} 23. f3 {[%clk 0:00:50]} g5 {[%clk 0:01:54]} 24. Rxa8
{[%clk 0:00:47]} Rxa8 {[%clk 0:01:54]} 25. Qb2 {[%clk 0:00:43]} Qe8
{[%clk 0:01:52]} 26. Nc3 {[%clk 0:00:44]} Qd7 {[%clk 0:01:21]} 27. Ra1
{[%clk 0:00:44]} Qd8 {[%clk 0:01:19]} 28. Rxa8 {[%clk 0:00:43]} Qxa8
{[%clk 0:01:19]} 29. Qa2 {[%clk 0:00:45]} Qxa2 30. Nxa2 {[%clk 0:00:46]} Bc8
{[%clk 0:01:12]} 31. Nc3 {[%clk 0:00:42]} Bd7 {[%clk 0:01:12]} 32. Bf1
{[%clk 0:00:39]} Kf7 {[%clk 0:01:10]} 33. Be2 {[%clk 0:00:40]} Nc8
{[%clk 0:01:10]} 34. Bd1 {[%clk 0:00:40]} Na7 {[%clk 0:01:10]} 35. Ba4
{[%clk 0:00:37]} Kg6 {[%clk 0:01:03]} 36. Kg2 {[%clk 0:00:36]} h5
{[%clk 0:01:03]} 37. h3 {[%clk 0:00:34]} g4 {[%clk 0:00:57]} 38. fxg4
{[%clk 0:00:32]} hxg4 {[%clk 0:00:55]} 39. hxg4 {[%clk 0:00:30]} fxg4
{[%clk 0:00:53]} 40. Be3 {[%clk 0:00:29]} Bf6 {[%clk 0:00:52]} 41. Kf2
{[%clk 0:00:30]} Bd8 {[%clk 0:00:51]} 42. Ke2 {[%clk 0:00:30]} Nc8
{[%clk 0:00:51]} 43. Bb3 {[%clk 0:00:31]} Ne7 {[%clk 0:00:51]} 44. Kd2
{[%clk 0:00:29]} Ng8 {[%clk 0:00:51]} 45. Bd1 {[%clk 0:00:28]} Nf6
{[%clk 0:00:51]} 46. Ke2 {[%clk 0:00:23]} Nh7 {[%clk 0:00:47]} 47. Kf2
{[%clk 0:00:22]} Nf6 {[%clk 0:00:43]} 48. Bb3 {[%clk 0:00:20]} Ne8
{[%clk 0:00:40]} 49. Bc4 {[%clk 0:00:21]} Bc7 {[%clk 0:00:38]} 50. Bd2
{[%clk 0:00:22]} Nf6 {[%clk 0:00:36]} 51. Be3 {[%clk 0:00:23]} Nh7
{[%clk 0:00:36]} 52. Bd2 {[%clk 0:00:24]} Bd8 {[%clk 0:00:36]} 53. Na4
{[%clk 0:00:24]} Kf7 {[%clk 0:00:35]} 54. Be3 {[%clk 0:00:25]} Ke7
{[%clk 0:00:35]} 55. Bh6 {[%clk 0:00:25]} Bc8 {[%clk 0:00:34]} 56. Be3
{[%clk 0:00:24]} Kd7 {[%clk 0:00:35]} 57. Bb3 {[%clk 0:00:24]} Kc7
{[%clk 0:00:36]} 58. Bd1 {[%clk 0:00:24]} Bd7 {[%clk 0:00:37]} 59. Nc3
{[%clk 0:00:24]} Bg5 {[%clk 0:00:36]} 60. Bxg5 {[%clk 0:00:19]} Nxg5
{[%clk 0:00:37]} 61. Ba4 {[%clk 0:00:17]} Nf3 {[%clk 0:00:36]} 62. Bb3
{[%clk 0:00:17]} Nd4 {[%clk 0:00:35]} 63. Bc4 {[%clk 0:00:19]} Nc2
{[%clk 0:00:32]} 64. Nd1 {[%clk 0:00:17]} Be8 {[%clk 0:00:27]} 65. Ne3
{[%clk 0:00:17]} Na3 {[%clk 0:00:28]} 66. Nxg4 {[%clk 0:00:18]} Bxb5
{[%clk 0:00:26]} 67. Bxb5 {[%clk 0:00:18]} Nxb5 {[%clk 0:00:27]} 68. Ne3
{[%clk 0:00:20]} Nd4 {[%clk 0:00:27]} 69. g4 {[%clk 0:00:19]} Kd7
{[%clk 0:00:25]} 70. g5 {[%clk 0:00:21]} b5 {[%clk 0:00:19]} 71. Nf5
{[%clk 0:00:14]} b4 {[%clk 0:00:10]} 72. Ke3 {[%clk 0:00:14]} b3 {[%clk 0:00:10]}
73. Nxd4 {[%clk 0:00:14]} b2 {[%clk 0:00:08]} 74. Ne6 {[%clk 0:00:15]} b1=Q
{[%clk 0:00:07]} 75. g6 {[%clk 0:00:16]} Qg1+ {[%clk 0:00:07]} 76. Ke2
{[%clk 0:00:17]} Ke7 {[%clk 0:00:07]} 77. g7 {[%clk 0:00:18]} Qg3
{[%clk 0:00:07]} 78. Kd2 {[%clk 0:00:18]} Kf7 {[%clk 0:00:06]} 79. Kc3
{[%clk 0:00:19]} Qe1+ {[%clk 0:00:06]} 80. Kc2 {[%clk 0:00:19]} c4
{[%clk 0:00:05]} 81. dxc4 {[%clk 0:00:20]} Qxe4+ 82. Kc3 Qe3+ {[%clk 0:00:06]}
83. Kb4 {[%clk 0:00:23]} e4 {[%clk 0:00:07]} 84. Kb5 {[%clk 0:00:23]} Qc1
{[%clk 0:00:06]} 85. c5 {[%clk 0:00:22]} dxc5 {[%clk 0:00:06]} 86. Nxc5
{[%clk 0:00:23]} e3 {[%clk 0:00:07]} 87. d6 {[%clk 0:00:24]} e2 {[%clk 0:00:07]}
88. d7 {[%clk 0:00:25]} Qd1 {[%clk 0:00:04]} 89. Kc6 {[%clk 0:00:24]} e1=Q
{[%clk 0:00:04]} 90. Kc7 {[%clk 0:00:25]} Qe7 {[%clk 0:00:05]} 91. Kc6
{[%clk 0:00:25]} Qdd6+ {[%clk 0:00:05]} 0-1

[Event "Blitz 2018"]
[Site "Saint-Petersburg"]
[Date "2018.12.29"]
[Round "9"]
[Board "99"]
[White "Al Thebaiti Ahmed M (KSA)"]
[Black "Sokolov Andrei (LAT)"]
[Result "0-1"]
[BlackElo "2507"]
[WhiteElo "1976"]
[LiveChessVersion "1.4.8"]

1. d4 {[%clk 0:03:03]} d6 {[%clk 0:03:04]} 2. c4 {[%clk 0:03:02]} e5
{[%clk 0:03:05]} 3. dxe5 {[%clk 0:02:54]} dxe5 {[%clk 0:03:06]} 4. Qxd8+
{[%clk 0:02:53]} Kxd8 {[%clk 0:03:08]} 5. Nc3 {[%clk 0:02:49]} Be6
{[%clk 0:03:08]} 6. b3 {[%clk 0:02:47]} Nd7 {[%clk 0:03:06]} 7. Bb2
{[%clk 0:02:39]} f6 {[%clk 0:03:07]} 8. O-O-O {[%clk 0:02:37]} Ne7
{[%clk 0:02:59]} 9. e3 {[%clk 0:02:37]} Kc8 {[%clk 0:02:56]} 10. g3
{[%clk 0:02:37]} c6 {[%clk 0:02:52]} 11. Bg2 {[%clk 0:02:37]} Nc5
{[%clk 0:02:49]} 12. Nf3 {[%clk 0:02:28]} Kc7 {[%clk 0:02:41]} 13. Rd2
{[%clk 0:02:22]} Ng6 {[%clk 0:02:20]} 14. h4 {[%clk 0:02:15]} h5 {[%clk 0:02:19]}
15. Ne1 {[%clk 0:02:00]} Be7 {[%clk 0:02:15]} 16. Ne4 {[%clk 0:01:49]} Nxe4
{[%clk 0:01:47]} 17. Bxe4 {[%clk 0:01:49]} Nf8 {[%clk 0:01:48]} 18. Nf3
{[%clk 0:01:33]} Nd7 {[%clk 0:01:47]} 19. Nh2 {[%clk 0:01:09]} a5
{[%clk 0:01:44]} 20. Rhd1 {[%clk 0:00:58]} Nc5 {[%clk 0:01:45]} 21. Bc2
{[%clk 0:00:52]} a4 {[%clk 0:01:39]} 22. f3 {[%clk 0:00:25]} axb3
{[%clk 0:01:30]} 23. axb3 {[%clk 0:00:25]} Ra6 {[%clk 0:01:18]} 24. b4
{[%clk 0:00:08]} Na4 {[%clk 0:01:10]} 25. c5 {[%clk 0:00:09]} Nxb2
{[%clk 0:01:10]} 26. Kxb2 {[%clk 0:00:10]} Ra2+ {[%clk 0:01:03]} 27. Kb1
{[%clk 0:00:04]} Rha8 {[%clk 0:00:54]} 28. Bb3 {[%clk 0:00:05]} Rxd2
{[%clk 0:00:49]} 0-1

[Event "Blitz 2018"]
[Site "Saint-Petersburg"]
[Date "2018.12.29"]
[Round "9"]
[Board "100"]
[White "Al Turky Fahad A (KSA)"]
[Black "Khayat Abdullah F (KSA)"]
[Result "0-1"]
[BlackElo "1709"]
[WhiteElo "1851"]
[LiveChessVersion "1.4.8"]

1. e4 {[%clk 0:03:03]} d5 {[%clk 0:03:02]} 2. exd5 {[%clk 0:03:04]} Qxd5
{[%clk 0:03:03]} 3. Nc3 {[%clk 0:03:05]} Qa5 {[%clk 0:03:04]} 4. Nf3
{[%clk 0:03:06]} Bg4 {[%clk 0:03:05]} 5. Be2 {[%clk 0:03:07]} c6 6. d4 e6
{[%clk 0:03:03]} 7. O-O {[%clk 0:03:09]} Bd6 {[%clk 0:03:03]} 8. Ne4
{[%clk 0:03:03]} Be7 {[%clk 0:02:50]} 9. h3 {[%clk 0:02:44]} Bh5 {[%clk 0:02:50]}
10. Bd2 {[%clk 0:02:41]} Qc7 {[%clk 0:02:50]} 11. c4 {[%clk 0:02:39]} Nf6
{[%clk 0:02:51]} 12. Ng3 {[%clk 0:02:34]} Bxf3 {[%clk 0:02:32]} 13. Bxf3
{[%clk 0:02:33]} O-O {[%clk 0:02:29]} 14. Bc3 {[%clk 0:02:24]} Nbd7
{[%clk 0:02:20]} 15. Re1 {[%clk 0:02:21]} Rad8 {[%clk 0:02:14]} 16. Qc2
{[%clk 0:02:16]} h6 {[%clk 0:02:13]} 17. Rad1 {[%clk 0:02:08]} Nb6
{[%clk 0:02:07]} 18. b3 {[%clk 0:01:55]} Nbd7 {[%clk 0:01:57]} 19. Ne2
{[%clk 0:01:44]} Bd6 {[%clk 0:01:36]} 20. Nc1 {[%clk 0:01:31]} e5
{[%clk 0:01:10]} 21. dxe5 {[%clk 0:00:56]} Bxe5 {[%clk 0:01:00]} 22. Nd3
{[%clk 0:00:42]} Bxc3 {[%clk 0:01:00]} 23. Qxc3 {[%clk 0:00:43]} Rfe8
{[%clk 0:00:53]} 24. Nc1 {[%clk 0:00:19]} Nc5 {[%clk 0:00:34]} 25. Ne2
{[%clk 0:00:16]} Nfe4 {[%clk 0:00:06]} 26. Qc2 {[%clk 0:00:16]} Nf6
{[%clk 0:00:04]} 27. Ng3 {[%clk 0:00:15]} Rxe1+ {[%clk 0:00:05]} 28. Rxe1
{[%clk 0:00:17]} a6 {[%clk 0:00:05]} 29. Qf5 {[%clk 0:00:15]} Ncd7
{[%clk 0:00:05]} 30. Rd1 {[%clk 0:00:14]} Re8 {[%clk 0:00:06]} 31. Ne4
{[%clk 0:00:08]} Nxe4 {[%clk 0:00:06]} 32. Bxe4 {[%clk 0:00:09]} Nf6
{[%clk 0:00:07]} 33. Bf3 {[%clk 0:00:08]} Qc8 {[%clk 0:00:05]} 34. Qf4
{[%clk 0:00:06]} Qb8 {[%clk 0:00:06]} 35. Qd4 {[%clk 0:00:07]} Qc8
{[%clk 0:00:05]} 36. Qh4 {[%clk 0:00:06]} Qf5 {[%clk 0:00:04]} 37. Rf1
{[%clk 0:00:03]} Re5 {[%clk 0:00:05]} 38. Qd4 {[%clk 0:00:03]} Re1
{[%clk 0:00:04]} 39. Rxe1 {[%clk 0:00:00]} 0-1

[Event "Blitz 2018"]
[Site "Saint-Petersburg"]
[Date "2018.12.29"]
[Round "10"]
[Board "3"]
[White "Artemiev Vladislav (RUS)"]
[Black "Mamedyarov Shakhriyar (AZE)"]
[Result "1-0"]
[BlackElo "2754"]
[WhiteElo "2825"]
[LiveChessVersion "1.4.8"]

1. c4 {[%clk 0:03:02]} Nf6 {[%clk 0:03:02]} 2. g3 {[%clk 0:03:03]} g6
{[%clk 0:03:01]} 3. Bg2 {[%clk 0:03:03]} Bg7 {[%clk 0:03:02]} 4. Nc3
{[%clk 0:03:04]} O-O {[%clk 0:03:03]} 5. Nf3 {[%clk 0:03:05]} b6 {[%clk 0:03:03]}
6. d4 {[%clk 0:03:05]} Bb7 {[%clk 0:03:04]} 7. d5 {[%clk 0:03:05]} e6
{[%clk 0:03:03]} 8. O-O {[%clk 0:03:05]} Re8 {[%clk 0:02:46]} 9. e4
{[%clk 0:02:59]} Na6 {[%clk 0:02:28]} 10. e5 {[%clk 0:02:42]} Ng4
{[%clk 0:02:24]} 11. Bg5 {[%clk 0:02:43]} Qc8 {[%clk 0:02:18]} 12. Re1
{[%clk 0:02:23]} d6 {[%clk 0:02:10]} 13. exd6 {[%clk 0:02:18]} cxd6
{[%clk 0:02:07]} 14. dxe6 {[%clk 0:02:15]} fxe6 {[%clk 0:01:50]} 15. Qxd6
{[%clk 0:02:07]} Qxc4 {[%clk 0:01:51]} 16. h3 {[%clk 0:01:58]} Nf6
{[%clk 0:01:01]} 17. Rad1 {[%clk 0:01:07]} Qc6 {[%clk 0:00:47]} 18. Qxc6
{[%clk 0:01:03]} Bxc6 {[%clk 0:00:48]} 19. Nd4 {[%clk 0:00:59]} Bxg2
{[%clk 0:00:47]} 20. Kxg2 {[%clk 0:01:00]} Rad8 {[%clk 0:00:34]} 21. Nc6
{[%clk 0:00:52]} Rxd1 {[%clk 0:00:29]} 22. Rxd1 {[%clk 0:00:53]} Nd5
{[%clk 0:00:30]} 23. Nxd5 {[%clk 0:00:51]} exd5 {[%clk 0:00:31]} 24. Rxd5
{[%clk 0:00:43]} Bxb2 {[%clk 0:00:31]} 25. Rd7 {[%clk 0:00:44]} Nb8
{[%clk 0:00:27]} 26. Ne7+ {[%clk 0:00:44]} Kf7 {[%clk 0:00:28]} 27. Rxa7
{[%clk 0:00:45]} Ke6 {[%clk 0:00:29]} 28. Rb7 {[%clk 0:00:40]} Bd4
{[%clk 0:00:28]} 29. Bf4 {[%clk 0:00:07]} Nd7 {[%clk 0:00:20]} 30. Nd5
{[%clk 0:00:08]} Bc5 {[%clk 0:00:21]} 31. Nc7+ {[%clk 0:00:09]} Kd5
{[%clk 0:00:16]} 1-0

[Event "Blitz 2018"]
[Site "Saint-Petersburg"]
[Date "2018.12.29"]
[Round "10"]
[Board "4"]
[White "Adly Ahmed (EGY)"]
[Black "Andreikin Dmitry (RUS)"]
[Result "0-1"]
[BlackElo "2777"]
[WhiteElo "2675"]
[LiveChessVersion "1.4.8"]

1. Nf3 {[%clk 0:03:02]} g6 {[%clk 0:03:03]} 2. d4 {[%clk 0:03:02]} d6
{[%clk 0:03:04]} 3. c4 {[%clk 0:03:02]} Bg7 {[%clk 0:03:05]} 4. Nc3
{[%clk 0:03:03]} Bg4 {[%clk 0:03:04]} 5. d5 {[%clk 0:02:51]} e5 {[%clk 0:02:59]}
6. dxe6 {[%clk 0:02:30]} Bxe6 {[%clk 0:02:56]} 7. e4 {[%clk 0:02:28]} Nc6
{[%clk 0:02:57]} 8. Nd5 {[%clk 0:02:21]} Nf6 {[%clk 0:02:54]} 9. Bd3
{[%clk 0:02:17]} Bg4 {[%clk 0:02:42]} 10. h3 {[%clk 0:02:09]} Bxf3
{[%clk 0:02:42]} 11. Qxf3 {[%clk 0:02:10]} Ne5 {[%clk 0:02:33]} 12. Qe2
{[%clk 0:02:07]} Nxd3+ {[%clk 0:02:22]} 13. Qxd3 {[%clk 0:02:08]} Nd7
{[%clk 0:02:22]} 14. O-O {[%clk 0:02:04]} O-O {[%clk 0:02:22]} 15. Bf4
{[%clk 0:01:52]} Re8 {[%clk 0:02:17]} 16. Qc2 {[%clk 0:01:46]} c6
{[%clk 0:02:11]} 17. Nc3 {[%clk 0:01:42]} Nb6 {[%clk 0:02:12]} 18. b3
{[%clk 0:01:31]} Qf6 {[%clk 0:01:47]} 19. Bd2 {[%clk 0:01:32]} Re6
{[%clk 0:01:43]} 20. Rad1 {[%clk 0:01:29]} Rae8 {[%clk 0:01:41]} 21. Rfe1
{[%clk 0:01:27]} Nd7 {[%clk 0:01:40]} 22. Na4 {[%clk 0:01:19]} b5
{[%clk 0:01:36]} 23. cxb5 {[%clk 0:01:20]} cxb5 {[%clk 0:01:37]} 24. Nc3
{[%clk 0:01:12]} Rc8 {[%clk 0:01:36]} 25. Rc1 {[%clk 0:01:12]} Qd4
{[%clk 0:01:23]} 26. Qd1 {[%clk 0:01:06]} b4 {[%clk 0:01:03]} 27. Nd5
{[%clk 0:00:58]} Rxc1 {[%clk 0:01:00]} 28. Qxc1 {[%clk 0:00:59]} Nc5
{[%clk 0:01:01]} 29. Bxb4 {[%clk 0:00:45]} Nd3 {[%clk 0:00:56]} 30. Qc8+
{[%clk 0:00:44]} Bf8 {[%clk 0:00:57]} 31. Re2 {[%clk 0:00:37]} Nxb4
{[%clk 0:00:52]} 32. Nxb4 {[%clk 0:00:23]} Qd1+ {[%clk 0:00:50]} 33. Kh2
{[%clk 0:00:23]} Qxe2 {[%clk 0:00:50]} 34. f3 {[%clk 0:00:22]} Qd2
{[%clk 0:00:36]} 35. Nd5 {[%clk 0:00:23]} Kg7 {[%clk 0:00:37]} 36. a4
{[%clk 0:00:20]} Be7 {[%clk 0:00:36]} 37. Nc7 {[%clk 0:00:20]} Bg5
{[%clk 0:00:26]} 38. Nxe6+ {[%clk 0:00:20]} fxe6 {[%clk 0:00:27]} 39. Qc7+
{[%clk 0:00:15]} Kh6 {[%clk 0:00:26]} 40. Qxa7 {[%clk 0:00:16]} Bf4+
{[%clk 0:00:20]} 41. Kh1 {[%clk 0:00:17]} Be3 {[%clk 0:00:20]} 0-1

[Event "Blitz 2018"]
[Site "Saint-Petersburg"]
[Date "2018.12.29"]
[Round "10"]
[Board "6"]
[White "Giri Anish (NED)"]
[Black "Yudin Sergei (RUS)"]
[Result "1-0"]
[LiveChessVersion "1.4.8"]
[BlackElo "2533"]
[WhiteElo "2751"]

1. e4 {[%clk 0:03:02]} d6 {[%clk 0:03:03]} 2. d4 {[%clk 0:03:03]} Nf6
{[%clk 0:03:04]} 3. Nc3 {[%clk 0:03:04]} e5 {[%clk 0:03:05]} 4. dxe5
{[%clk 0:03:03]} dxe5 {[%clk 0:03:05]} 5. Qxd8+ {[%clk 0:03:04]} Kxd8
{[%clk 0:03:06]} 6. f4 {[%clk 0:03:05]} Bb4 {[%clk 0:03:05]} 7. Bd3
{[%clk 0:03:06]} Nc6 {[%clk 0:02:55]} 8. Nf3 {[%clk 0:03:07]} Bg4
{[%clk 0:02:22]} 9. O-O {[%clk 0:02:13]} Bc5+ {[%clk 0:01:55]} 10. Kh1
{[%clk 0:02:14]} Bxf3 {[%clk 0:01:52]} 11. gxf3 {[%clk 0:02:15]} Nh5
{[%clk 0:01:27]} 12. fxe5 {[%clk 0:02:14]} Nxe5 {[%clk 0:01:28]} 13. Be2
{[%clk 0:02:15]} Nc6 {[%clk 0:01:06]} 14. f4 {[%clk 0:02:14]} g6 {[%clk 0:00:58]}
15. Bxh5 {[%clk 0:02:04]} gxh5 {[%clk 0:00:59]} 16. Nd5 {[%clk 0:02:05]} Nb4
{[%clk 0:00:43]} 17. Rd1 {[%clk 0:01:53]} Kc8 {[%clk 0:00:44]} 18. Nxb4
{[%clk 0:01:52]} Bxb4 {[%clk 0:00:45]} 19. Bd2 {[%clk 0:01:48]} a5
{[%clk 0:00:36]} 20. Bxb4 {[%clk 0:01:47]} axb4 {[%clk 0:00:37]} 21. Rd4
{[%clk 0:01:48]} Rd8 {[%clk 0:00:35]} 22. Rxb4 {[%clk 0:01:34]} Rd2
{[%clk 0:00:36]} 23. Rc4 {[%clk 0:01:35]} Ra6 {[%clk 0:00:37]} 24. a3
{[%clk 0:01:28]} Rad6 {[%clk 0:00:19]} 25. e5 {[%clk 0:01:25]} R6d5
{[%clk 0:00:20]} 26. Rf1 {[%clk 0:01:12]} Re2 {[%clk 0:00:13]} 27. Rc3
{[%clk 0:01:13]} b5 {[%clk 0:00:10]} 28. b4 {[%clk 0:01:12]} Kd7 {[%clk 0:00:06]}
29. Rh3 {[%clk 0:01:08]} Rxc2 {[%clk 0:00:07]} 30. Rxh5 {[%clk 0:01:09]} Rd3
{[%clk 0:00:05]} 31. Rxh7 {[%clk 0:01:08]} Ke6 {[%clk 0:00:06]} 32. Rh5
{[%clk 0:00:36]} Rxa3 {[%clk 0:00:05]} 33. Kg1 {[%clk 0:00:31]} c5
{[%clk 0:00:05]} 34. bxc5 {[%clk 0:00:30]} b4 {[%clk 0:00:06]} 35. Rb1
{[%clk 0:00:26]} b3 {[%clk 0:00:05]} 36. Rh3 {[%clk 0:00:27]} b2 {[%clk 0:00:04]}
37. Rxa3 {[%clk 0:00:24]} Rc1+ {[%clk 0:00:06]} 38. Kg2 {[%clk 0:00:25]} Rxb1
{[%clk 0:00:06]} 39. Rb3 {[%clk 0:00:26]} Kd5 {[%clk 0:00:07]} 40. Rb8
{[%clk 0:00:19]} Kxc5 {[%clk 0:00:08]} 41. h4 {[%clk 0:00:20]} Kd5
{[%clk 0:00:05]} 42. h5 {[%clk 0:00:20]} Rc1 {[%clk 0:00:03]} 43. Rxb2
{[%clk 0:00:20]} Ke4 {[%clk 0:00:04]} 44. Rf2 {[%clk 0:00:18]} Kf5
{[%clk 0:00:05]} 45. Kg3 {[%clk 0:00:19]} Rg1+ {[%clk 0:00:05]} 46. Rg2
{[%clk 0:00:21]} Rf1 {[%clk 0:00:06]} 47. h6 {[%clk 0:00:20]} Kg6
{[%clk 0:00:07]} 48. Rh2 {[%clk 0:00:21]} Kh7 49. Kg4 Ra1 {[%clk 0:00:09]} 50.
Kg5 {[%clk 0:00:22]} Ra6 {[%clk 0:00:09]} 51. f5 {[%clk 0:00:20]} Rb6
{[%clk 0:00:11]} 52. Rh4 {[%clk 0:00:20]} Ra6 {[%clk 0:00:12]} 53. Rd4
{[%clk 0:00:21]} Rb6 {[%clk 0:00:04]} 54. Rd7 {[%clk 0:00:20]} Kg8
{[%clk 0:00:05]} 55. Rd8+ {[%clk 0:00:19]} Kh7 {[%clk 0:00:06]} 56. Rf8
{[%clk 0:00:14]} Rb7 {[%clk 0:00:04]} 57. Kf6 {[%clk 0:00:12]} Kxh6 58. Rh8# 1-0

[Event "Blitz 2018"]
[Site "Saint-Petersburg"]
[Date "2018.12.29"]
[Round "10"]
[Board "7"]
[White "Cheparinov Ivan (GEO)"]
[Black "Le Quang Liem (VIE)"]
[Result "0-1"]
[LiveChessVersion "1.4.8"]
[BlackElo "2749"]
[WhiteElo "2618"]

1. Nf3 {[%clk 0:03:02]} Nf6 {[%clk 0:03:01]} 2. c4 {[%clk 0:03:03]} c5
{[%clk 0:03:00]} 3. Nc3 {[%clk 0:03:03]} Nc6 {[%clk 0:03:01]} 4. g3
{[%clk 0:03:04]} d5 {[%clk 0:02:59]} 5. d4 {[%clk 0:03:04]} cxd4 {[%clk 0:02:52]}
6. Nxd4 {[%clk 0:03:05]} e5 {[%clk 0:02:52]} 7. Nxc6 {[%clk 0:03:03]} bxc6
{[%clk 0:02:53]} 8. Bg2 {[%clk 0:03:04]} Be6 {[%clk 0:02:54]} 9. Bg5
{[%clk 0:02:42]} Rb8 {[%clk 0:02:10]} 10. O-O {[%clk 0:02:25]} e4
{[%clk 0:02:01]} 11. Qa4 {[%clk 0:01:49]} Qd7 {[%clk 0:02:02]} 12. Bxf6
{[%clk 0:01:42]} gxf6 {[%clk 0:01:57]} 13. cxd5 {[%clk 0:01:34]} cxd5
{[%clk 0:01:57]} 14. Qxd7+ {[%clk 0:01:35]} Kxd7 {[%clk 0:01:56]} 15. Rfd1
{[%clk 0:01:35]} f5 {[%clk 0:01:36]} 16. Nxd5 {[%clk 0:01:33]} Bg7
{[%clk 0:01:35]} 17. Bh3 {[%clk 0:01:13]} Rxb2 {[%clk 0:01:27]} 18. Rac1
{[%clk 0:01:05]} Rd8 {[%clk 0:01:15]} 19. Bxf5 {[%clk 0:00:54]} Bxf5
{[%clk 0:01:03]} 20. Ne3+ {[%clk 0:00:53]} Ke8 {[%clk 0:01:04]} 21. Rxd8+
{[%clk 0:00:51]} Kxd8 {[%clk 0:01:05]} 22. Nxf5 {[%clk 0:00:52]} Be5
{[%clk 0:01:02]} 23. Rc5 {[%clk 0:00:45]} Bc7 {[%clk 0:01:02]} 24. Rd5+
{[%clk 0:00:20]} Kc8 {[%clk 0:00:59]} 25. a4 {[%clk 0:00:19]} Rxe2
{[%clk 0:00:55]} 26. a5 {[%clk 0:00:06]} Ra2 {[%clk 0:00:46]} 27. Ne7+
{[%clk 0:00:07]} Kb7 {[%clk 0:00:47]} 28. Rf5 {[%clk 0:00:08]} Rxa5
{[%clk 0:00:39]} 29. Rxf7 {[%clk 0:00:10]} h5 {[%clk 0:00:37]} 30. Nf5
{[%clk 0:00:07]} Rd5 {[%clk 0:00:33]} 31. Ne3 {[%clk 0:00:06]} Re5
{[%clk 0:00:29]} 32. Nc4 {[%clk 0:00:05]} Rd5 {[%clk 0:00:24]} 33. Ne3
{[%clk 0:00:05]} Rc5 {[%clk 0:00:24]} 34. Re7 {[%clk 0:00:05]} Re5
{[%clk 0:00:25]} 35. Rh7 {[%clk 0:00:04]} a5 {[%clk 0:00:26]} 36. Nc4
{[%clk 0:00:05]} Rc5 {[%clk 0:00:26]} 37. Nd2 {[%clk 0:00:05]} a4
{[%clk 0:00:23]} 38. Nxe4 {[%clk 0:00:04]} Rc1+ {[%clk 0:00:20]} 39. Kg2
{[%clk 0:00:06]} a3 {[%clk 0:00:21]} 40. Rxh5 {[%clk 0:00:04]} a2
{[%clk 0:00:22]} 41. Rb5+ {[%clk 0:00:04]} Kc8 {[%clk 0:00:19]} 0-1

[Event "Blitz 2018"]
[Site "Saint-Petersburg"]
[Date "2018.12.29"]
[Round "10"]
[Board "8"]
[White "Jobava Baadur (GEO)"]
[Black "Demchenko Anton (RUS)"]
[Result "1-0"]
[LiveChessVersion "1.4.8"]
[BlackElo "2572"]
[WhiteElo "2705"]

1. b3 {[%clk 0:03:03]} g6 {[%clk 0:03:02]} 2. Bb2 {[%clk 0:03:04]} Nf6
{[%clk 0:03:04]} 3. c4 {[%clk 0:03:05]} Bg7 {[%clk 0:03:05]} 4. g3
{[%clk 0:03:06]} d6 {[%clk 0:03:05]} 5. Bg2 {[%clk 0:03:07]} O-O {[%clk 0:03:06]}
6. d4 {[%clk 0:03:07]} Nbd7 {[%clk 0:03:06]} 7. Nf3 {[%clk 0:03:07]} e5
{[%clk 0:03:07]} 8. dxe5 {[%clk 0:03:04]} dxe5 {[%clk 0:03:09]} 9. O-O
{[%clk 0:02:51]} e4 {[%clk 0:03:09]} 10. Nd4 {[%clk 0:02:46]} e3 {[%clk 0:03:00]}
11. f3 {[%clk 0:02:21]} h5 {[%clk 0:02:58]} 12. Nc2 {[%clk 0:02:07]} Re8
{[%clk 0:02:57]} 13. Nc3 {[%clk 0:01:59]} c6 {[%clk 0:02:49]} 14. Qc1
{[%clk 0:01:51]} Nf8 {[%clk 0:02:34]} 15. Rd1 {[%clk 0:01:50]} Qe7
{[%clk 0:02:31]} 16. Rd3 {[%clk 0:01:50]} Bh6 {[%clk 0:02:24]} 17. f4
{[%clk 0:01:50]} Bf5 {[%clk 0:01:51]} 18. Rxe3 {[%clk 0:01:50]} Qc7
{[%clk 0:01:52]} 19. Nd4 {[%clk 0:01:35]} Rxe3 {[%clk 0:01:38]} 20. Nxf5
{[%clk 0:01:21]} gxf5 {[%clk 0:01:36]} 21. Qxe3 {[%clk 0:01:22]} Re8
{[%clk 0:01:23]} 22. Qc5 {[%clk 0:01:23]} Ne6 {[%clk 0:01:06]} 23. Qxf5 Qb6+ 24.
c5 {[%clk 0:01:19]} Nxc5 {[%clk 0:01:09]} 25. Kh1 {[%clk 0:01:15]} Ng4
{[%clk 0:01:02]} 26. h3 {[%clk 0:01:07]} Ne3 {[%clk 0:00:54]} 27. Qxh5
{[%clk 0:01:07]} Bg7 {[%clk 0:00:56]} 28. Bf3 {[%clk 0:00:43]} Nxb3
{[%clk 0:00:47]} 29. Qg5 {[%clk 0:00:25]} Nxa1 {[%clk 0:00:13]} 30. Na4
{[%clk 0:00:26]} f6 {[%clk 0:00:10]} 31. Bxf6 Qc7 32. Bxa1 {[%clk 0:00:21]} Qe7
{[%clk 0:00:08]} 33. Qg6 {[%clk 0:00:20]} Qe6 {[%clk 0:00:10]} 34. Qxg7# 1-0

[Event "Blitz 2018"]
[Site "Saint-Petersburg"]
[Date "2018.12.29"]
[Round "10"]
[Board "11"]
[White "Smirin Ilia (ISR)"]
[Black "Anand Viswanathan (IND)"]
[Result "1-0"]
[LiveChessVersion "1.4.8"]
[BlackElo "2832"]
[WhiteElo "2582"]

1. e4 {[%clk 0:03:03]} c5 {[%clk 0:03:03]} 2. Nf3 {[%clk 0:03:03]} d6
{[%clk 0:03:04]} 3. d4 {[%clk 0:03:05]} cxd4 {[%clk 0:03:05]} 4. Nxd4
{[%clk 0:03:05]} Nf6 {[%clk 0:03:07]} 5. Nc3 {[%clk 0:03:06]} a6 {[%clk 0:03:08]}
6. f4 {[%clk 0:03:07]} Qc7 {[%clk 0:03:05]} 7. a4 {[%clk 0:03:07]} g6
{[%clk 0:03:05]} 8. Be2 {[%clk 0:03:07]} Bg7 {[%clk 0:03:06]} 9. O-O
{[%clk 0:03:07]} O-O {[%clk 0:03:06]} 10. Kh1 {[%clk 0:03:08]} b6
{[%clk 0:03:05]} 11. Nd5 {[%clk 0:03:03]} Nxd5 {[%clk 0:03:04]} 12. exd5
{[%clk 0:03:03]} Nd7 {[%clk 0:02:42]} 13. c4 {[%clk 0:02:56]} Nf6
{[%clk 0:02:39]} 14. Ra3 {[%clk 0:02:49]} Bd7 {[%clk 0:02:25]} 15. f5
{[%clk 0:02:43]} Qb7 {[%clk 0:02:19]} 16. Bg5 {[%clk 0:02:24]} b5
{[%clk 0:02:18]} 17. axb5 {[%clk 0:02:15]} axb5 {[%clk 0:02:17]} 18. Rb3
{[%clk 0:02:12]} b4 {[%clk 0:02:06]} 19. Qe1 {[%clk 0:01:59]} Ne4
{[%clk 0:01:51]} 20. Be3 {[%clk 0:01:43]} Ra4 {[%clk 0:01:40]} 21. fxg6
{[%clk 0:01:25]} hxg6 {[%clk 0:01:40]} 22. Bg1 {[%clk 0:01:16]} Nc5
{[%clk 0:01:26]} 23. Rg3 {[%clk 0:01:16]} Ra2 {[%clk 0:01:24]} 24. Qb1
{[%clk 0:00:54]} Rfa8 {[%clk 0:01:14]} 25. Rxf7 {[%clk 0:00:52]} 1-0